Score 0/23 Timer 07:00
2 Plays Today
Voice Actors Animated TV Show % Correct
Seth MacFarlane, Alex Borstein, Seth Green, Mila KunisFamily Guy
88.4%
Dan Castellaneta, Julie Kavner, Nancy Cartwright*, Yeardley SmithThe Simpsons
80.7%
Mike Judge, Kathy Najimy, Brittany Murphy, Pamela Adlon*King of the Hill
69.6%
Matt Stone, Trey Parker, Isaac Hayes**South Park
69.4%
Bill Cosby, Gerald Edwards, Rudy DavisFat Albert and the Cosby Kids
68.6%
Seth MacFarlane, Wendy Schaal, Scott Grimes, Dee Bradley BakerAmerican Dad
61.8%
Billy West, Katey Sagal, John DiMaggio, Lauren TomFuturama
56.1%
Mike Judge, Tracy Grandstaff, Dale RevoBeavis and Butt-Head
43.3%
Mike Henry, Sanaa Lathan, Kevin Michael Richardson, Seth MacFarlaneThe Cleveland Show
42.4%
Don Messick, Casey Kasem, Frank Welker, Stefanianna Christopherson, Nicole JaffeScooby Doo, Where Are You!
38.9%
Mel Blanc, Arthur Q. Bryan, June ForayThe Bugs Bunny Show
32.1%
Alan Reed, Jean Vander Pyl, Mel Blanc, Bea BenaderetThe Flintstones
31.5%
Voice Actors Animated TV Show % Correct
Howie Mandel, Gail Matthius, Tino InsanaBobby's World
27.3%
Jim BackusMister Magoo
26.7%
Tom Kenny, Bill Fagerbakke, Rodger Bumpass, Clancy BrownSpongeBob SquarePants
26.3%
George O'Hanlon, Penny Singleton, Janet Waldo, Mel BlancThe Jetsons
22.3%
Lacey Chabert, Tim Curry, Danielle Harris, Tom Kane, FleaThe Wild Thornberrys
18.6%
Elizabeth Daily*, Christine Cavanaugh*, Cheryl ChaseRugrats
16.4%
Eddie Murphy, Loretta Devine, Ja'net DuboisThe PJs
15.6%
Lorenzo Music, Thom Huge, Howard MorrisGarfield and Friends
12.2%
Bill Scott, June Foray, William Conrad, Paul Frees, Edward Everett HortonThe Rocky and Bullwinkle Show
9.4%
Mike Road, Tim Matheson, Danny BravoJonny Quest
6.1%
Ikue Ootani, Veronica Taylor*, Eric StuartPokémon
6.1%
Remove Ads.
Support Sporcle.
Get the best of Sporcle when you Go Orange. This ad-free experience offers more features, more stats, and more fun while also helping to support Sporcle. Thank you for becoming a member.

You're not logged in!

Compare scores with friends on all Sporcle quizzes.
OR
Log In

Show Comments

Extras

Top Quizzes Today


Score Distribution

Your Account Isn't Verified!

In order to create a playlist on Sporcle, you need to verify the email address you used during registration. Go to your Sporcle Settings to finish the process.

Report this User

Report this user for behavior that violates our Community Guidelines.

Details: